La muerte de Artemio Cruz / (Registro nro. 11663)

Detalles MARC
000 -LEADER
fixed length control field 00984cam a2200349 a 4500
001 - CONTROL NUMBER
control field 3830
003 - CONTROL NUMBER IDENTIFIER
control field DO-SdBNP
005 - DATE AND TIME OF LATEST TRANSACTION
control field 20171211113513.0
007 - PHYSICAL DESCRIPTION FIXED FIELD--GENERAL INFORMATION
fixed length control field 3880
008 - FIXED-LENGTH DATA ELEMENTS--GENERAL INFORMATION
fixed length control field 840914s1980 sp b f000 0 spa
010 ## - LIBRARY OF CONGRESS CONTROL NUMBER
LC control number
020 ## - INTERNATIONAL STANDARD BOOK NUMBER
International Standard Book Number 8402070019
040 ## - CATALOGING SOURCE
Original cataloging agency BPMSU
Transcribing agency spa
Modifying agency BPMSU
050 00 - LIBRARY OF CONGRESS CALL NUMBER
Classification number
Item number
082 04 - DEWEY DECIMAL CLASSIFICATION NUMBER
Classification number M863.44
Item number F954m
Edition number
100 1# - MAIN ENTRY--PERSONAL NAME
Personal name Fuentes, Carlos,
Dates associated with a name 1928-2012
245 13 - TITLE STATEMENT
Title La muerte de Artemio Cruz /
Statement of responsibility, etc. Fuentes. Carlos
Remainder of title
250 ## - EDITION STATEMENT
Edition statement
260 ## - PUBLICATION, DISTRIBUTION, ETC. (IMPRINT)
Place of publication, distribution, etc. Barcelona :
Name of publisher, distributor, etc. Club Bruguera,
Date of publication, distribution, etc. 1980
300 ## - PHYSICAL DESCRIPTION
Extent 310 p. ;
Dimensions 20 cm.
490 1# - SERIES STATEMENT
Series statement Literatura universal Bruguera
Volume/sequential designation
500 ## - GENERAL NOTE
General note Incluye datos biográficos del autor
504 ## - BIBLIOGRAPHY, ETC. NOTE
Bibliography, etc
650 #4 - SUBJECT ADDED ENTRY--TOPICAL TERM
Topical term or geographic name as entry element NOVELA MEXICANA
650 #4 - SUBJECT ADDED ENTRY--TOPICAL TERM
Topical term or geographic name as entry element LITERATURA MEXICANA
650 #4 - SUBJECT ADDED ENTRY--TOPICAL TERM
Topical term or geographic name as entry element MUERTE
Form subdivision NOVELA
830 ## - SERIES ADDED ENTRY--UNIFORM TITLE
Uniform title Literatura universal Bruguera
910 ## - USER-OPTION DATA (OCLC)
User-option data Validado. Control de calidad MFF
942 ## - ADDED ENTRY ELEMENTS (KOHA)
Source of classification or shelving scheme Dewey Decimal Classification
Koha item type Libros
945 ## - LOCAL PROCESSING INFORMATION (OCLC)
a Inventariado extranjero / 2017 VM
956 ## - LOCAL ELECTRONIC LOCATION AND ACCESS (OCLC)
Host name VMATEO
Access number 10
Compression information 20161025
Path BPMSU
Electronic name 0069
Existencias
Withdrawn status Lost status Source of classification or shelving scheme Damaged status Not for loan Collection code Home library Current library Date acquired Total Checkouts Full call number Barcode Date last seen Price effective from Koha item type
    Dewey Decimal Classification     Colección General Biblioteca Pública Metropolitana Salomé Ureña Biblioteca Pública Metropolitana Salomé Ureña 11/20/2017   M863.44 F954m BPMSU17110264 11/20/2017   Libros